| 000 | 00617nam a2200229 a 4500 | ||
|---|---|---|---|
| 001 | nice12345678 | ||
| 003 | IN_TiNIC | ||
| 005 | 20260116014259.0 | ||
| 008 | 050524s2002 vada grp 000 0 eng | ||
| 020 |
_a _c20 |
||
| 082 | 0 | 0 |
_a303.66 _bPEO1 |
| 245 |
_aAt the Receiving End _b Women`s Experiences of Violence in Vadodara |
||
| 260 |
_aVadodara _bPeople`s Union for Civil Liberties _c2002 |
||
| 300 | _a28p | ||
| 500 | _aincludes index and biblioraphy | ||
| 505 | 2 | _aIndex | |
| 650 | _aPeace-Making | ||
| 710 | 2 | _aPeople`s Union for Civil Liberaties | |
| 902 | _bSRS | ||
| 942 | _cBK | ||
| 999 |
_c14620 _d14620 |
||